[Event "Medellin Flores op 30th"]
[Site "Medellin"]
[Date "2023.08.05"]
[Round "4"]
[White "Hernandez Grajales, Andres"]
[Black "Carrillo Marval, Maria Angelica"]
[Result "1-0"]
[WhiteElo "1821"]
[BlackElo "1709"]
[PlyCount "97"]
[EventDate "2023.08.03"]
[EventType "swiss"]
[EventRounds "9"]
[EventCountry "COL"]
[SourceTitle "CBM 215 Extra"]
[Source "ChessBase"]
[SourceDate "2023.09.30"]
[SourceVersion "1"]
[SourceVersionDate "2023.09.30"]
[SourceQuality "1"]

1. e4 c5 2. Nf3 d6 3. d4 cxd4 4. Nxd4 Nf6 5. Nc3 g6 6. Be3 Bg7 7. f3 0-0 8. Qd2 Nc6 9. 0-0-0 d5 10. Kb1 e5 11. Nxc6 bxc6 12. exd5 Nxd5 13. Nxd5 cxd5 14. Qxd5 Qc7 15. Qc5 Qb7 16. Bc4 e4 17. Bd4 Bxd4 18. Qxd4 Rb8 19. fxe4 Bg4 20. Rd3 Rfd8 21. Qf6 Re8 22. Rf1 Be6 23. Bxe6 Rxe6 24. Rd8+ Rxd8 25. Qxd8+ Kg7 26. Qd4+ Kg8 27. Qd5 Qa6 28. c4 Qc8 29. Rd1 Kg7 30. Qd4+ Kh6 31. Rd3 g5 32. Qd5 Rf6 33. Rg3 Qg8 34. Qd7 Qg6 35. Qd3 Rd6 36. Qc2 Re6 37. Re3 Qf6 38. a3 Kg7 39. Qc3 Re5 40. Rf3 Qe6 41. Rf5 f6 42. Rxe5 fxe5 43. c5 Kf7 44. c6 Qc8 45. Qc5 Ke6 46. Qd5+ Kf6 47. Qd6+ Qe6 48. Qxe6+ Kxe6 49. b4 1-0

[Event "Cali Valle Colombia op-B"]
[Site "Cali Valle Colombia"]
[Date "2022.12.29"]
[Round "7"]
[White "Plazas, Alfonso"]
[Black "Hernandez Grajales, Andres"]
[Result "0-1"]
[WhiteElo "1890"]
[BlackElo "1795"]
[PlyCount "90"]
[EventDate "2022.12.26"]
[EventType "swiss"]
[EventRounds "8"]
[EventCountry "COL"]
[SourceTitle "CBM 211 Extra"]
[Source "ChessBase"]
[SourceDate "2023.01.31"]
[SourceVersion "1"]
[SourceVersionDate "2023.01.31"]
[SourceQuality "1"]

1. e4 c5 2. Nf3 g6 3. d4 cxd4 4. Nxd4 Nc6 5. Be3 Nf6 6. Nc3 Bg7 7. h3 0-0 8. Qd2 d5 9. Nxc6 bxc6 10. 0-0-0 Qa5 11. e5 Nd7 12. f4 e6 13. Kb1 Rb8 14. Ne4 Qa3 15. Qc3 Rxb2+ 16. Qxb2 Qxe3 17. Nf6+ Bxf6 18. exf6 Qxf4 19. Bd3 Qxf6 20. Rhf1 Qxb2+ 21. Kxb2 f5 22. Rf4 Nb6 23. Re1 c5 24. Bb5 g5 25. Rf3 Kg7 26. a4 d4 27. a5 Nd5 28. Bc6 Ne3 29. Rexe3 dxe3 30. Rxe3 Rf7 31. Kc3 Rc7 32. Bb5 Kf6 33. a6 e5 34. Rd3 e4 35. Rd8 Ke5 36. g3 c4 37. Rg8 h6 38. Rh8 f4 39. gxf4+ gxf4 40. Rxh6 Bf5 41. Rh8 f3 42. Rd8 f2 43. Rd1 Bxh3 44. Bxc4 f1Q 45. Rxf1 Bxf1 0-1

[Event "Medellin Feria de las Flores op"]
[Site "Medellin"]
[Date "2022.08.07"]
[Round "8"]
[White "Rueda Rojas, Richard Alejandro"]
[Black "Hernandez Grajales, Andres"]
[Result "1-0"]
[WhiteElo "1616"]
[BlackElo "1895"]
[PlyCount "73"]
[EventDate "2022.08.03"]
[EventType "swiss"]
[EventRounds "9"]
[EventCountry "COL"]
[SourceTitle "CBM 209 Extra"]
[Source "ChessBase"]
[SourceDate "2022.09.30"]
[SourceVersion "1"]
[SourceVersionDate "2022.09.30"]
[SourceQuality "1"]

1. e4 c5 2. Nf3 g6 3. d4 cxd4 4. Qxd4 Nf6 5. Qa4 Bg7 6. Nc3 0-0 7. e5 Ne8 8. Bg5 h6 9. Bh4 f5 10. exf6 Nxf6 11. Bc4+ d5 12. Bxf6 exf6 13. 0-0-0 Be6 14. Nxd5 Kh7 15. Nf4 Bd7 16. Qb3 Qc8 17. Be6 f5 18. Bxd7 Nxd7 19. Ne6 Nc5 20. Nxf8+ Qxf8 21. Qd5 Na4 22. Ne5 Qb4 23. Qd4 Qb5 24. b3 Qa5 25. bxa4 Bxe5 26. Qd7+ Bg7 27. Rd3 Qe5 28. Rhd1 Qf4+ 29. Kb1 Qxf2 30. Qb5 a6 31. Qb3 Qc5 32. Rd7 Rc8 33. a3 Qe5 34. Ka2 Rc3 35. Qb2 Qc5 36. Rxg7+ Kxg7 37. Rd3 1-0